All Countries by the Fragile States Index - Statistics

General Stats
  • This quiz has been taken 514 times
    349 since last reset
  • The average score is 82 of 178
Answer Stats
Country Score % Correct
Y Yemen 111.7
100%
S South Sudan 108.4
90%
S Somalia 110.5
87%
S Syria 108.4
84%
D Democratic Republic of the Congo 107.3
77%
H Haiti 99.7
77%
S Sudan 107.1
77%
Z Zimbabwe 97.8
77%
A Afghanistan 105.9
76%
C Central African Republic 108.1
76%
C Chad 105.7
72%
N Nigeria 97.2
72%
L Libya 94.3
70%
M Mali 98.6
70%
E Ethiopia 99.3
69%
U Uganda 92.1
69%
V Venezuela 91.6
69%
E Eritrea 95.9
68%
F Finland 15.1
68%
G Guinea 99.6
68%
N Niger 95.2
68%
I Iraq 93.8
66%
N Norway 15.6
66%
B Burundi 95.4
65%
D Denmark 18.1
65%
C Cameroon 96.0
63%
I Iceland 17.1
63%
M Myanmar 100.0
63%
Z Zambia 83.6
63%
G Germany 23.6
62%
G Guinea Bissau 91.3
62%
P Pakistan 89.7
61%
F France 30.9
60%
K Kenya 88.2
60%
N Netherlands 22.1
60%
A Angola 89.0
59%
I Ireland 20.8
59%
L Liberia 89.5
59%
M Mozambique 94.3
59%
S Sweden 20.9
59%
J Japan 31.0
58%
L Luxembourg 20.0
58%
N New Zealand 17.5
58%
Q Qatar 42.3
58%
S Switzerland 18.9
57%
U United Kingdom 40.6
57%
A Austria 25.4
56%
B Burkina Faso 90.5
56%
D Djibouti 81.3
56%
M Mauritania 87.9
56%
A Australia 22.7
55%
C Canada 20.1
55%
N North Korea 89.1
55%
R Republic of the Congo 92.2
55%
R Rwanda 83.7
55%
I Iran 84.1
54%
P Portugal 27.5
54%
T Togo 83.6
54%
B Belgium 31.9
53%
I Ivory Coast 89.6
53%
L Lebanon 91.3
53%
E Egypt 83.6
52%
U Uruguay 35.2
52%
O Oman 49.5
51%
P Poland 42.2
51%
U United Arab Emirates 39.1
50%
B Bangladesh 84.5
48%
E Equatorial Guinea 84.1
48%
E Estonia 37.7
48%
J Jordan 76.6
48%
K Kyrgyzstan 77.1
48%
L Lithuania 38.6
48%
M Malawi 83.0
48%
N Nepal 80.6
48%
S Slovenia 27.7
48%
C Czechia 39.9
47%
I Italy 43.4
47%
S Sierra Leone 82.4
47%
C Cambodia 80.5
46%
S Singapore 25.8
46%
S South Korea 32.7
46%
A Azerbaijan 73.1
45%
C Comoros 82.3
45%
H Honduras 78.7
45%
I Israel 42.6
45%
L Latvia 42.8
45%
P Philippines 80.5
45%
R Russia 72.6
45%
S Slovakia 37.1
45%
U United States 46.6
45%
H Hungary 50.8
44%
I India 75.3
44%
J Jamaica 62.1
43%
K Kazakhstan 59.5
43%
R Romania 50.8
43%
T Turkey 78.1
43%
A Argentina 47.9
41%
E Eswatini 80.4
41%
L Laos 75.5
41%
T Tajikistan 75.0
41%
V Vietnam 60.9
41%
M Madagascar 80.4
40%
M Malta 34.7
40%
P Papua New Guinea 79.5
40%
A Algeria 72.2
39%
G Georgia 71.8
39%
S Spain 44.4
39%
G The Gambia 78.6
39%
U Ukraine 68.6
39%
E East Timor 79.3
38%
G Guatemala 77.5
38%
K Kuwait 52.2
38%
U Uzbekistan 69.6
38%
I Indonesia 66.6
37%
B Bolivia 73.4
36%
C Chile 43.2
36%
C Costa Rica 41.0
36%
L Lesotho 77.4
36%
P Panama 47.5
36%
T Tanzania 78.2
36%
B Brazil 73.9
35%
C Colombia 78.4
35%
N Nicaragua 77.7
35%
B Bosnia and Herzegovina 73.0
34%
B Bulgaria 51.6
34%
C Croatia 49.3
34%
D Dominican Republic 62.8
34%
E Ecuador 68.9
34%
F Federated States of Micronesia 71.0
34%
F Fiji 68.9
34%
P Peru 69.8
34%
S South Africa 72.0
34%
S Sri Lanka 79.3
34%
A Armenia 67.0
33%
G Greece 55.8
33%
T Thailand 70.0
33%
T Turkmenistan 66.5
33%
B Belarus 68.7
32%
E El Salvador 70.8
32%
M Mexico 70.3
32%
N Namibia 62.9
32%
P Paraguay 65.4
32%
S Senegal 72.1
32%
A Albania 56.7
31%
B Benin 72.5
31%
M Mauritius 37.9
31%
T Tunisia 68.2
31%
B Bhutan 67.4
29%
C China 66.9
29%
G Ghana 63.0
29%
G Guyana 64.2
29%
M Morocco 70.1
29%
N North Macedonia 62.6
29%
S Solomon Islands 80.4
29%
M Malaysia 56.4
28%
M Montenegro 57.9
28%
T Trinidad and Tobago 52.4
28%
A Antigua and Barbuda 54.2
27%
B Barbados 45.9
27%
B Botswana 56.1
27%
M Moldova 64.5
27%
S Serbia 67.8
27%
B The Bahamas 50.6
27%
B Belize 62.1
26%
C Cuba 60.1
26%
S Sao Tome and Principe 70.4
26%
B Bahrain 66.6
25%
B Brunei 55.1
25%
C Cyprus 56.9
25%
G Gabon 66.7
24%
G Grenada 54.3
24%
M Maldives 64.5
24%
M Mongolia 51.6
23%
S Saudi Arabia 67.5
23%
S Seychelles 54.2
23%
S Suriname 60.8
22%
C Cape Verde 61.4
21%
S Samoa 64.8
17%
No matching quizzes found
Score Distribution
Percent of People with Each Score
Percentile by Number Answered
Your Score History
You have not taken this quiz since the last reset